000 01509cam a2200397 a 4500
003 CHAP
005 20220329141859.0
008 980403m1997 mx b rsy o00010 spa d
010 _a75214
011 _a76186
022 _a1405-5538
035 _a85765
040 _cCHAP
082 0 4 _a338.17565
_bM4
110 2 _aMexico. Centro de Estadística Agropecuaria.
_975277
245 1 0 _aAnuario estadístico de producción y comercialización de frijol
_c/por Centro de Estadística Agropecuaria
260 _aMéxico, D. F. :
_bCentro de Estadística Agropecuaria,
_c199 -19
300 _av. :
_bcuadros ; gráfs.
500 _ac. de Producción y comercialización de frijol 1987-93
500 _aLa biblioteca tiene : 1995, 1996
590 _aBATCH-UPD
_b10
_c20130110
_lUCH01
_h0322
590 _aBATCH-UPD
_b10
_c20130409
_lUCH01
_h2355
590 _aBATCH-UPD
_b10
_c20130914
_lUCH01
_h1442
590 _aCONVERSION
_b10
_c20130109
_lUCH01
_h1341
650 0 4 _aFrijol
_xEstadísticas.
_943374
650 0 4 _aFrijol
_xMercadeo.
_943406
650 0 4 _aFrijol
_xPrecios.
_943420
650 0 4 _aFrijol
_xRendimiento.
_943429
901 _aBK
905 _aLilia Sánchez G.
942 _cLIBRO
949 _a338.17565 M4
_bBC
_cC
_d33724000690939
_eC
_f1995
_h93172
_i85765
_sb
949 _a338.17565 M4
_bBC
_cC
_d33724000690988
_eC
_f1995 c.2
_h93521
_i85765
_sb
949 _a338.17565 M4
_bBC
_cC
_d33724000726857
_eC
_f1996
_h95481
_i85765
_sb
949 _a338.17565 M4
_bBC
_cC
_d33724000726865
_eC
_f1996 c.2
_h95482
_i85765
_sb
999 _c75214
_d75214